Focus on the fringe (Record no. 117181)

MARC details
000 -LEADER
fixed length control field 01021cam a2200265 4500
001 - CONTROL NUMBER
control field ABS67771
008 - FIXED-LENGTH DATA ELEMENTS--GENERAL INFORMATION
fixed length control field 040407n2004 000 0 eng u
035 ## - SYSTEM CONTROL NUMBER
System control number (Sirsi) u125784
100 ## - MAIN ENTRY--PERSONAL NAME
Personal name Jones, P.
245 ## - TITLE STATEMENT
Title Focus on the fringe
260 ## - PUBLICATION, DISTRIBUTION, ETC.
Date of publication, distribution, etc. 2004
490 ## - SERIES STATEMENT
Series statement Town and Country Planning
Volume/sequential designation March 2004, 79-81(3)
520 ## - SUMMARY, ETC.
Summary, etc. Examines a consultation exercise on the future of the rural urban fringe being carried out by the Countryside Agency and Groundwork. The consultation paper, "Unlocking the potential of the rural urban fringe", aims to encourage the regeneration of such areas by involving local communities. The paper is available at www.groundwork.org.uk/policy/rufconsultation. The consultation closes 30 April 2004.
590 ## - LOCAL NOTE (RLIN)
Local note ABS
590 ## - LOCAL NOTE (RLIN)
Local note ABS
650 ## - SUBJECT ADDED ENTRY--TOPICAL TERM
Topical term or geographic name entry element URBAN LAND USE
650 ## - SUBJECT ADDED ENTRY--TOPICAL TERM
Topical term or geographic name entry element URBAN REGENERATION
650 ## - SUBJECT ADDED ENTRY--TOPICAL TERM
Topical term or geographic name entry element RURAL LAND
650 ## - SUBJECT ADDED ENTRY--TOPICAL TERM
Topical term or geographic name entry element WASTE LAND
650 ## - SUBJECT ADDED ENTRY--TOPICAL TERM
Topical term or geographic name entry element REDEVELOPMENT
690 ## - LOCAL SUBJECT ADDED ENTRY--TOPICAL TERM (OCLC, RLIN)
Topical term or geographic name as entry element REGENERATION
700 ## - ADDED ENTRY--PERSONAL NAME
Personal name Comfort, D.
700 ## - ADDED ENTRY--PERSONAL NAME
Personal name Hillier, D.
942 ## - ADDED ENTRY ELEMENTS (KOHA)
Suppress in OPAC 0
Holdings
Withdrawn status Lost status Source of classification or shelving scheme Damaged status Not for loan Home library Current library Shelving location Date acquired Total Checkouts Full call number Barcode Date last seen Copy number Price effective from Koha item type
    Dewey Decimal Classification     London London Journal article 07/04/2004   ABS67771 125784-1001 06/08/2019 1 06/08/2019 Journal article